« Retourner aux résultats de recherche
Adieu Vienne!
| Auteur principal: | Anne-Marie Desplat-Duc |
|---|---|
| Support: | Livres |
| Langue: | Francais |
| Publié: |
2020 Flammarion jeunesse Paris |
| Series: |
Marie Antoinette et ses soeurs |
| Genre: |
Roman enfant |
| Sujets: | |
| Étiquettes: |
Ajouter
Pas de Tags !
|
| LEADER | 00894nam0a2200181 450 | ||
|---|---|---|---|
| 001 | 16834678 | ||
| 010 | |a 978-2-08-147641-7 |b Br. |d 8,5 | ||
| 100 | |a 20200703d2020 u u0frey01 ba | ||
| 101 | 0 | |a fre | |
| 200 | 0 | |a Adieu Vienne! |f Anne-Marie Desplat-Duc | |
| 207 | 1 | |a | |
| 210 | |a Paris |c Flammarion jeunesse |d 2020 | ||
| 330 | |a Une page se tourne à la cour de Vienne. Marie-Antoinette a douze ans et s'apprête à devenir reine de France. La jeune archiduchesse doit apprendre le français et les bonnes manières. Au centre de l'attention de tous, Marie-Antoinette sait qu'elle n'a pas le droit à l'erreur. Un incroyable destin l'attend ! | ||
| 461 | 0 | |t Marie Antoinette et ses soeurs |v 4 | |
| 700 | 0 | |a Desplat-Duc |b Anne-Marie |f 1948-.... |4 70 | |
| 900 | |a Roman enfant | ||
| 901 | |a Accessible au prêt | ||
| 995 | |a Bibliothèque |c Bibliothèque |f 024020755 |h 024020755 |k E C2 DES |o p |q j |r az |e Bibliothèque | ||
